000 00739nam a2200193 4500
999 _c370948
_d370948
008 201207b ||||| |||| 00| 0 eng d
040 _bger
_cDE-2950
_erda
_aDE-2950
041 _ager
100 _aKnüppel, Michael:
245 _aChristian Wolffs chinesische Ketzereien/
_cMichael Knüppel
264 _c2021
490 _aDie Mark Brandenburg
_vHeft 122: China In Brandenburg
653 _aWolff, Christian von; Philosoph, Mathematiker, Physiker, Theologe, Hochschullehrer, Regierungsrat, 1679-1754
773 _dBerlin: Die Mark Brandenburg - Verlag für Regional- und Zeitgeschichte
_g(2021) Heft 122, S. 16-20: Abb.
_tDie Mark Brandenburg
942 _cA